[Event "15th Deltalift Open 2018"]
[Site "Halmstad"]
[Date "2018.05.12"]
[Round "7"]
[White "Lindborg, Patrik"]
[Black "Hakansson, Stefan"]
[Result "1/2-1/2"]
[WhiteElo "2172"]
[BlackElo "2010"]
[Annotator "TA"]
[PlyCount "35"]
[EventDate "2018.??.??"]
[EventType "swiss"]
[EventCountry "SWE"]
[SourceTitle "playchess.com"]
[Source "ChessBase"]
[SourceQuality "1"]

{[%evp 22,28,-29,-73,-79,-55,7,24,18]} 1. d4 d5 2. c4 e6 3. Nc3 c6 4. Nf3 dxc4 5. a4 Bb4 6. e4 b5 7. Bd2 {[%cal Bc1d2,Bd2c3,Bc3f6][%mdl 32]} a5 8. axb5 Bxc3 9. Bxc3 cxb5 {[%cal Bc6b5,Bb5b4][%mdl 32]} 10. b3 Bb7 {D31: Queen's Gambit Declined: Semi-Slav without ...Nf6 (+ Marshall Gambit and Noteboom) and Exchange Variation lines without ...Nf6} 11. d5 Nf6 12. bxc4 {LiveBook: 4 Games} b4 13. Qa4+ (13. Bd4 Nxe4 14. Bxg7 Rg8 15. Bd4 exd5 16. Bd3 Rxg2 17. Ne5 Qf6 18. Qe2 {1-0 (25) Tari,A (2521)-Richter,M (2517) Berlin 2015}) 13... Qd7 (13... Nbd7 $15 14. Bd4 Nxe4) 14. Bxf6 $1 $11 Qxa4 {Predecessor:} 15. Rxa4 $146 gxf6 16. Nd2 f5 17. f3 fxe4 18. fxe4 {½-½ (34) Diaz Arboleda,D (2136)-Panesso,O (2027) Medellin 2012} 1/2-1/2

[Event "15th Deltalift Open 2018"]
[Site "Halmstad"]
[Date "2018.05.12"]
[Round "7"]
[White "Lindhe, Magnus"]
[Black "Holst, Conny"]
[Result "1/2-1/2"]
[WhiteElo "2170"]
[BlackElo "2087"]
[Annotator "TA"]
[PlyCount "46"]
[EventDate "2018.??.??"]
[EventType "swiss"]
[EventCountry "SWE"]
[SourceTitle "playchess.com"]
[Source "ChessBase"]
[SourceQuality "1"]

{[%evp 14,46,20,22,18,8,8,6,14,-6,20,27,31,42,50,-90,-100,-90,-105,-81,-104,-125,0,0,0,0,0,-105,-104,-105,-97,-91,0,-2,0]} 1. e4 d6 2. d4 Nf6 3. Nc3 Nbd7 4. g3 e5 5. Nge2 Be7 6. Bg2 {B07: Pirc Defence: Miscellaneous Systems} O-O 7. h3 (7. O-O Re8 8. h3 Bf8 9. g4 exd4 10. Qxd4 Nc5 11. Ng3 Nfd7 12. f4 c6 13. Qf2 Nxe4 14. Ncxe4 d5 15. Be3 dxe4 16. Nxe4 {0-1 (71) Grischuk,A (2737)-Bortnyk,O (2581) Doha 2016}) 7... c6 8. a4 {LiveBook: 6 Games} Re8 9. g4 h6 10. O-O a5 11. b3 $146 ({Predecessor:} 11. f4 exd4 12. Nxd4 Nc5 13. Nde2 Bf8 14. Ng3 Qb6 15. Kh2 Be6 16. b3 Rad8 {1-0 (35) Patel,A (2410)-Lin,D (2288) Irving 2017}) 11... Qc7 12. f4 exd4 13. Nxd4 d5 {[%cal Bd6d5,Bd5e4][%mdl 32]} 14. g5 (14. exd5 $14 {stays ahead.} Bc5 15. Kh2 (15. dxc6 Qb6 $15)) 14... hxg5 $17 15. fxg5 Nxe4 $1 16. Nxe4 dxe4 17. Rxf7 {[#]} Kxf7 (17... Bc5 $1 $17 18. Rf4 e3) 18. Qh5+ $11 Kg8 {White must now prevent ...Rf8.} 19. Qxe8+ Nf8 {Threatens to win with ...Bxh3!} 20. Bb2 {[#]} (20. g6 $1 $11 Bc5 21. Bb2) 20... Bxh3 $1 $17 21. Qh5 (21. Qxa8 {gets mated.} Qg3 22. Kf1 Qxg2+ 23. Ke1 e3 24. Qxf8+ Bxf8 25. Ne2 Qf1#) 21... Bxg2 22. Kxg2 {Strongly threatening Rf1.} Qe5 {[#]} ({Black should try} 22... Qf4 $17 {Black wants to play ...Rd8.} 23. Bc3 Rd8) 23. Nxc6 $1 $11 {[%mdl 512]} Qxg5+ {Precision: White = 48%, Black = 63%.} (23... bxc6 24. Bxe5) 1/2-1/2

[Event "15th Deltalift Open 2018"]
[Site "Halmstad"]
[Date "2018.05.12"]
[Round "7"]
[White "Blomstrom, Lars"]
[Black "Frisk, Hans"]
[Result "1-0"]
[WhiteElo "2163"]
[BlackElo "2002"]
[Annotator "TA"]
[PlyCount "111"]
[EventDate "2018.??.??"]
[EventType "swiss"]
[EventCountry "SWE"]
[SourceTitle "playchess.com"]
[Source "ChessBase"]
[SourceQuality "1"]

{[%evp 21,111,27,31,23,39,27,31,0,5,-10,-9,-16,0,-33,34,32,23,0,39,25,56,43,49,26,60,58,119,97,91,39,99,97,160,158,181,152,212,206,220,186,201,161,167,128,242,261,261,261,261,253,239,239,297,335,306,323,300,261,229,220,394,326,447,439,468,468,433,411,447,348,445,406,371,0,434,437,585,585,724,722,1163,1143,1131,1100,807,761,1046,1016,1038,989,820,804]} 1. e4 e5 2. Nf3 Nf6 3. Nxe5 d6 4. Nf3 Nxe4 5. Nc3 Nxc3 6. dxc3 Be7 7. Be3 Nc6 8. Qd2 Be6 9. O-O-O Qd7 10. Kb1 a6 11. h3 O-O-O {LiveBook: 11 Games} 12. Be2 {C42: Petroff Defence: 3 Nxe5 and unusual White 3rd moves} h6 (12... Bf6 13. Nd4 Bxd4 14. cxd4 d5 15. g4 f6 16. Rdg1 Na7 17. Rg3 Kb8 18. h4 h6 19. Bf4 g5 20. Be3 Nc8 21. f4 Nd6 22. Qb4 gxh4 23. Rxh4 f5 24. g5 {½-½ (24) Vallejo Pons,F (2705)-Li,C (2741) Palma de Mallorca 2017}) 13. Nd4 Nxd4 14. cxd4 {White is slightly better.} (14. Bxd4 {feels hotter.} Rhg8 15. Qe3 Qc6 16. Bf3 d5 17. b3) 14... d5 15. Qa5 Bf5 16. Rc1 $146 ({Predecessor:} 16. g4 Be4 {½-½ (59) Meister,J (2395)-Tolstikh,N Cheliabinsk 1989}) 16... Qd6 17. a3 {[%cal Ba2a3,Ba3a4][%mdl 32]} Qb6 (17... Be4 $15) 18. Qxb6 $14 cxb6 19. a4 g5 20. Bh5 Be6 21. Rhe1 Kd7 22. f4 f5 23. Re2 {aiming for Rce1.} Rhf8 (23... Rc8 $14) 24. Rce1 Bf7 25. Bf3 ({White should play} 25. Bd2 $16 Bf6 26. Bxf7 Rxf7 27. Re6) 25... Bf6 (25... Rde8 $14) 26. g4 $16 gxf4 (26... Rde8 $142) 27. Bxf4 Bh4 28. Rg1 (28. Bxh6 Rh8 $11) ({But not} 28. gxf5 $6 Bxe1 29. Rxe1 Rde8 $14) 28... Rfe8 (28... Rg8 $16 {keeps fighting.} 29. Re5 (29. Bxh6 Rde8 $16) 29... Rg6) 29. Rxe8 $18 Rxe8 30. gxf5 Bf6 31. Bxh6 Bxd4 32. Rd1 Rh8 (32... Bf6 $16 33. Bxd5 Bxd5) 33. Rxd4 Rxh6 34. Bxd5 Bxd5 35. Rxd5+ {[%mdl 4096] Endgame KR-KR} Kc6 36. Rd3 Rh4 {[#]} 37. Rf3 $1 Kd7 38. f6 {[%cal Bf5f6,Bf6f7][%mdl 32] Strongly threatening f7.} Ke8 39. f7+ Kf8 40. b3 Rh6 $2 {[#]} (40... b5 41. axb5 axb5) 41. Kb2 Re6 42. Rf4 Rh6 43. h4 Re6 44. Kc3 Rh6 45. Kd3 Re6 46. Kd4 Re2 47. Kd3 Re6 $1 48. Rf5 {White is clearly winning.} Rh6 49. h5 {[%cal Bh4h5,Bh5h6][%mdl 32]} Re6 50. c4 a5 51. Kd4 Re1 52. Rf6 Rd1+ 53. Kc3 Rh1 54. h6 Rh3+ 55. Kb2 Rh2+ 56. Ka3 {Precision: White = 60%, Black = 28%.} 1-0

[Event "15th Deltalift Open 2018"]
[Site "Halmstad"]
[Date "2018.05.12"]
[Round "7"]
[White "Cramling Bellon, Anna"]
[Black "Petersson, Baldur Teodor"]
[Result "0-1"]
[WhiteElo "2153"]
[BlackElo "2038"]
[Annotator "TA"]
[PlyCount "70"]
[EventDate "2018.??.??"]
[EventType "swiss"]
[EventCountry "SWE"]
[SourceTitle "playchess.com"]
[Source "ChessBase"]
[SourceQuality "1"]

{[%evp 17,70,18,33,-34,39,0,0,-6,0,0,0,-32,-33,-25,-25,-38,-26,-29,-30,-28,-8,-16,-12,-18,-18,-9,0,-114,-106,-252,-251,-249,-238,-227,-210,-261,-237,-256,-251,-336,-328,-324,-342,-497,-498,-635,-556,-756,-742,-1387,-1404,-1389,-1382,-1060,-893]} 1. d4 d5 2. c4 c6 3. Nc3 Nf6 4. Nf3 a6 5. a4 e6 6. Bg5 Nbd7 7. e3 Qa5 8. Nd2 {D15: Slav Defence: 4 Nc3 a6 and gambit lines after 4 Nc3 dxc4} Bb4 9. Rc1 c5 {LiveBook: 4 Games} 10. dxc5 ({White should play} 10. Bh4 $14) 10... dxc4 $146 (10... Ne4 $15 11. Ndxe4 dxe4) ({Predecessor:} 10... Ne4 11. Ndxe4 dxe4 12. Be2 Nxc5 13. O-O f6 14. Bxf6 gxf6 15. Bh5+ Ke7 {0-1 (34) Moiseenko,A (2715)-Laznicka,V (2703) San Sebastian 2012}) 11. Bxf6 (11. Bh4 {with more complications.} O-O 12. Bxc4 Bxc5 13. O-O Qb4 14. Qb3) 11... Nxf6 12. Bxc4 Qxc5 13. O-O O-O 14. Nce4 Nxe4 15. Nxe4 Qe5 16. Qd3 Qxb2 17. Rb1 Qa3 18. Bb3 Ba5 19. Ng5 {[%csl Gg5][%cal Rd3h7] [#]} g6 20. Qd4 Qe7 $36 {[%mdl 2048] Black fights for an advantage.} 21. Ne4 {Nf6+ is the strong threat.} e5 22. Qd5 (22. Qd6 $1 $11 {keeps the balance.} Qxd6 23. Nxd6) 22... Bf5 $17 23. Ng3 (23. Qxa5 $17 Bxe4 24. Rb2) 23... Bxb1 $19 24. Rxb1 b6 25. Qf3 Rac8 {[%cal Ba8c8,Bc8c7,Bc7c2,Bc2d2][%mdl 32]} 26. Bd5 Rc7 27. Ne2 Kg7 28. e4 Rfc8 29. g3 Rc2 30. Bb3 (30. Kg2 {keeps fighting.}) 30... Rd2 {Black is clearly winning.} 31. h4 h5 32. Kg2 Qd7 33. Nc1 Rc3 34. Qxf7+ Qxf7 35. Bxf7 Kxf7 {Precision: White = 17%, Black = 74%.} 0-1

[Event "15th Deltalift Open 2018"]
[Site "Halmstad"]
[Date "2018.05.12"]
[Round "7"]
[White "Brzezinski, Adam"]
[Black "Bergre, Joachim"]
[Result "1-0"]
[WhiteElo "2152"]
[BlackElo "1990"]
[Annotator "TA"]
[PlyCount "67"]
[EventDate "2018.??.??"]
[EventType "swiss"]
[EventCountry "SWE"]
[SourceTitle "playchess.com"]
[Source "ChessBase"]
[SourceQuality "1"]

{[%evp 27,67,117,158,159,309,308,291,318,299,289,368,364,447,359,353,322,475,471,521,467,446,390,347,339,527,506,528,491,518,508,522,523,514,514,550,542,1587,1560,1502,1352,1831,1768]} 1. d4 Nf6 2. c4 c5 3. d5 b5 4. cxb5 a6 5. bxa6 g6 6. Nc3 Bxa6 7. e4 Bxf1 8. Kxf1 d6 9. Nf3 Nbd7 10. g3 Bg7 11. Kg2 O-O 12. a4 {[%cal Ba2a4,Ba4a5][%mdl 32] A59: Benko/Volga Gambit: White castles by hand} (12. Qe2 Qa5 13. Bd2 Rfb8 14. b3 Qa6 15. Rhe1 Qxe2 16. Rxe2 Rxb3 17. axb3 Rxa1 18. e5 dxe5 19. Nxe5 Nb6 20. Nc6 Nfxd5 21. Nxe7+ Nxe7 22. Rxe7 {1-0 (32) Wang,Y (2690)-Dobrov,V (2515) Riadh 2017}) 12... Ng4 13. Nd2 Nge5 14. Qe2 Nb6 {LiveBook: 3 Games} 15. a5 c4 $146 (15... Nc8 $16 {keeps fighting.}) ({Predecessor:} 15... Nc8 16. f4 Nd7 17. Nc4 Ndb6 18. Nxb6 Nxb6 19. Bd2 Nd7 {½-½ (60) Hoang,T (2509)-Szamoskozi,G (2358) Zalakaros 2014}) 16. Ra3 $18 Nbd7 {[#]} 17. f4 $1 ({Not} 17. Nxc4 Nxc4 18. Qxc4 Rxa5 $16) 17... Nd3 18. Nxc4 N7c5 19. Be3 Nb4 20. Na2 Nxa2 21. Rxa2 f5 (21... e6 {was necessary.} 22. Bxc5 dxc5) 22. exf5 gxf5 23. Bxc5 dxc5 24. Qe6+ Kh8 {If Black can now play ...Rf6 this consolidates a bit.} 25. Ne5 Ra6 (25... Bxe5 {was worth a try.} 26. Qxe5+ Rf6) 26. Nc6 {White is clearly winning.} ({Weaker is} 26. Qxa6 Qxd5+ 27. Nf3 Qxa2 $18) ({Worse is} 26. Nf7+ Rxf7 27. Qxf7 Rf6 $15) 26... Qa8 27. Rc1 Rf6 28. Qe2 e6 29. Rxc5 exd5 30. Ne5 Rf8 31. b4 Re6 {[#]} 32. Nf7+ $1 {[%mdl 512]} Rxf7 33. Qxe6 d4+ 34. Qd5 {Precision: White = 86%, Black = 18%.} 1-0

[Event "15th Deltalift Open 2018"]
[Site "Halmstad"]
[Date "2018.05.12"]
[Round "7"]
[White "Wallin, Dennis"]
[Black "Crevatin, Leo"]
[Result "1/2-1/2"]
[WhiteElo "2136"]
[BlackElo "2251"]
[Annotator "TA"]
[PlyCount "36"]
[EventDate "2018.??.??"]
[EventType "swiss"]
[EventCountry "SWE"]
[SourceTitle "playchess.com"]
[Source "ChessBase"]
[SourceQuality "1"]

{[%evp 21,36,32,52,6,36,41,49,30,106,103,138,110,112,112,147,102,329]} 1. c4 e6 2. Nf3 d5 3. d4 c6 4. Qc2 dxc4 5. Qxc4 b5 6. Qc2 Bb7 7. g3 {D30: Queen's Gambit Declined: Systems without Nc3} Nd7 8. Bg2 Rc8 9. Ne5 Ngf6 10. O-O Qb6 11. Nxd7 (11. Be3 c5 12. Nxd7 Nxd7 13. Bxb7 Qxb7 14. Rc1 c4 15. a4 a6 16. axb5 axb5 17. Nc3 {1-0 (29) Ivanchuk,V (2729)-Kanmazalp,O (2445) Kocaeli 2017}) 11... Nxd7 {LiveBook: 5 Games} 12. Rd1 Be7 (12... c5 $5 {[%cal Rc5d4]}) 13. Nc3 O-O 14. Be3 Qc7 $146 (14... c5 $11 {remains equal.}) ({Predecessor:} 14... c5 15. d5 exd5 16. Nxd5 Bxd5 17. Bxd5 {1-0 (33) Javakhishvili,L (2479)-Olsarova,K (2224) Reykjavik 2015}) 15. Rac1 $16 a6 16. Ne4 Qa5 17. a3 Rfd8 18. Rd3 e5 $2 {[%mdl 32768] An unexpected result.} (18... Ba8 $16) 1/2-1/2

[Event "15th Deltalift Open 2018"]
[Site "Halmstad"]
[Date "2018.05.12"]
[Round "7"]
[White "Neretljak, Nedzad"]
[Black "Malmstig, Erik"]
[Result "0-1"]
[WhiteElo "2099"]
[BlackElo "2339"]
[Annotator "TA"]
[PlyCount "80"]
[EventDate "2018.??.??"]
[EventType "swiss"]
[EventCountry "SWE"]
[SourceTitle "playchess.com"]
[Source "ChessBase"]
[SourceQuality "1"]

{[%evp 18,80,37,19,35,-16,70,56,107,50,76,33,111,25,88,88,98,100,125,70,215,181,220,212,325,354,517,-8,-31,-119,-125,-137,-124,-376,-211,-257,-239,-337,-302,-333,-350,-423,-440,-430,-404,-398,-379,-409,-356,-597,-568,-771,-585,-1007,-951,-5285,-4166,-2443,-1981,-29992,-29993,-29993,-29988,-29988,-29989]} 1. e4 c5 2. Nf3 e6 3. d4 cxd4 4. Nxd4 a6 5. Nc3 Qc7 6. g3 Nf6 7. Bg2 Be7 8. O-O d6 9. a4 Bd7 {B80: Sicilian Scheveningen: 6 g3 and 6 Be3, including English Attack} (9... O-O 10. h3 Nc6 11. Be3 Bd7 12. Nb3 Ne5 13. a5 Nc4 14. Bc1 Rac8 15. f4 b5 16. axb6 Qxb6+ 17. Kh2 Rfd8 18. g4 g6 19. f5 d5 20. exd5 exd5 21. fxg6 hxg6 {0-1 (73) Quparadze,G (2506)-Korobov,A (2652) Riadh 2017}) 10. Re1 {LiveBook: 6 Games} O-O 11. g4 (11. Be3 $14) 11... Bc6 $146 (11... Nc6 $11) ({Predecessor:} 11... Be8 12. g5 Nfd7 13. Nf5 exf5 14. exf5 Qd8 15. Qh5 Nc6 16. Nd5 Nce5 17. Ra3 Bxg5 18. Qxg5 Qxg5 19. Bxg5 {1-0 (40) Bronstein,L (2425)-Abarca Aguirre,M (2335) Corrientes 1985}) 12. g5 $14 Nfd7 (12... Ne8 $14) 13. Qh5 ({Better is} 13. Nd5 $16 Qd8 14. Nxe7+ Qxe7 15. Qd2) 13... Rc8 14. Re3 Nf8 (14... g6 $14 15. Qh6 Bf8) 15. Rg3 (15. Rf3 $6 Be8 $11) (15. Nd5 $1 $16 {[%cal Rd5c7]} exd5 16. exd5) 15... Nbd7 (15... Bd7 $11 {remains equal.}) 16. Be3 $36 {[%mdl 2048] Keeping Black busy.} b5 17. f4 $1 ({Of course not} 17. Nxc6 $6 Qxc6 18. axb5 axb5 $11) ({Much worse is} 17. Rf3 g6 $11) 17... b4 18. Nce2 (18. Nd1 $1 $16) 18... Bb7 ({Black should play} 18... e5 $14) 19. Rf1 $1 $18 Nc5 20. f5 Nxe4 (20... Bxe4 $142 21. f6 (21. fxe6 fxe6 22. Bxe4 Nxe4 $16) 21... Bg6) 21. Rg4 g6 (21... d5 $142) 22. fxg6 $2 (22. Qh6 $1 $18) 22... fxg6 $11 23. Qh6 ({White should try} 23. Qh3 $1 $15 d5 24. Nxe6 Nxe6 25. Rxe4 Nxg5 26. Bxg5 Bxg5 27. Rxb4) 23... d5 $17 {Strongly threatening ...e5.} 24. Nf4 Bc5 {White must now prevent ...e5.} 25. Kh1 $2 {[%mdl 8192]} (25. Bh3 $17 e5 {[#]} 26. Nxg6 $1 {[%mdl 512]} Bxd4 27. Rxe4 $1 {[%mdl 512]} dxe4 28. Bxd4) 25... Re8 (25... Bxd4 $142 26. Bxd4 e5) 26. Nd3 Bd6 27. Ne1 (27. Qh3 $142) 27... e5 $19 {[%cal Be6e5,Be5f4][%mdl 32]} 28. Nb3 Ne6 29. Nd2 Nxd2 30. Bxd2 Nf4 31. Bxf4 exf4 32. Bf3 Re3 {...b3 is the strong threat.} 33. Rg2 $2 (33. Qh3 {might work better.}) 33... Rae8 34. Qh4 Qe7 35. Nd3 {[#]} b3 $1 {[%mdl 512]} 36. Nxf4 {[#]} (36. cxb3 Rxd3) 36... Rxf3 $1 {[%mdl 512]} 37. Rxf3 d4 38. Qg4 Qe1+ {Black mates.} 39. Rg1 Qe4 40. Rgf1 Bxf4 {Precision: White = 17%, Black = 43%.} 0-1

[Event "15th Deltalift Open 2018"]
[Site "Halmstad"]
[Date "2018.05.12"]
[Round "7"]
[White "Lyngsjo, Hakan"]
[Black "Nilsson, Anders 1976"]
[Result "0-1"]
[WhiteElo "2067"]
[BlackElo "2226"]
[Annotator "TA"]
[PlyCount "112"]
[EventDate "2018.??.??"]
[EventType "swiss"]
[EventCountry "SWE"]
[SourceTitle "playchess.com"]
[Source "ChessBase"]
[SourceQuality "1"]

{[%evp 11,112,38,58,37,62,66,66,50,60,53,55,41,70,15,74,18,14,12,19,0,22,-9,15,0,0,-9,0,0,32,35,69,-15,28,31,31,8,37,-38,-38,-39,-39,-39,-39,-50,0,0,0,-41,0,0,0,0,0,-16,-8,-2,0,0,0,-52,-62,-72,0,0,0,0,0,0,0,0,0,-8,0,-837,-918,-1278,-1214,-1154,-1138,-1722,-1716,-1416,-1312,-1954,-1911,-29965,-29963,-29981,-29982,-29987,-10441,-29983,-29984,-29984,-29985,-29985,-29986,-29985,-29985,-29991,-29992,-29992,-29993]} 1. e4 d6 2. d4 Nf6 3. Nc3 c6 4. Be3 e5 5. dxe5 dxe5 6. Qxd8+ Kxd8 7. Bc4 {And now Nf3 would win. B07: Pirc Defence: Miscellaneous Systems} (7. Nf3 {is interesting.} Ng4 8. Bd2 Bd6 9. Bc4 Ke7 10. Ng5) 7... Be6 (7... Ke8 8. f3 Nbd7 9. a4 Bc5 10. Bxc5 Nxc5 11. b4 Be6 12. Be2 Ncd7 13. a5 Ke7 14. g4 h6 15. Nh3 b5 16. axb6 axb6 {½-½ (70) Naiditsch,A (2702)-Bologan,V (2680) Kishinev 2012}) 8. Bxe6 fxe6 9. f3 $146 {White is slightly better.} ({Predecessor:} 9. Nf3 Bd6 10. O-O-O Ke7 11. Ng5 Bb4 12. a3 Bxc3 13. Bc5+ Ke8 14. bxc3 Nbd7 15. Bd6 h6 16. Nxe6 Kf7 17. Nc7 Rac8 18. f4 Nxe4 19. fxe5 {1-0 (51) Castillo Escario,Y (1997)-Amores Gago,J (2167) Barcelona 2013}) 9... Bb4 10. Nge2 Nbd7 11. O-O a5 12. Rfd1 (12. Na4 $14) 12... Ke7 (12... Kc7 $11 {remains equal.}) 13. a3 (13. Na4 $16) 13... Bc5 $11 14. Bxc5+ Nxc5 15. Rd2 b5 16. Kf2 Rhb8 17. b3 a4 18. b4 Ncd7 19. Nd1 Nb6 20. Ne3 Rd8 21. Rad1 (21. Rxd8 $1 $14 Rxd8 22. Nc1) 21... Ne8 (21... Rxd2 {is more complex.} 22. Rxd2 Ne8 23. c4 Nxc4 24. Nxc4 bxc4 25. Rc2 Nd6) 22. Rxd8 Rxd8 23. Rxd8 Kxd8 {[%mdl 4096] Endgame KNN-KNN} 24. Nc3 ({White should play} 24. c4 $1 $14) 24... Nd6 $15 25. Nb1 Nbc4 26. Nxc4 Nxc4 {KN-KN} 27. g4 h5 28. c3 h4 29. Kg2 Ne3+ 30. Kf2 Nc2 31. Ke2 Ke7 32. Kd2 Na1 33. Kd3 Nb3 34. Nd2 Nc1+ 35. Ke3 ({Better is} 35. Kc2 $1 $11 Ne2 36. Kd3 Nf4+ 37. Ke3) 35... Kf6 $1 36. c4 Ke7 (36... Kg5 $1 $17) 37. cxb5 $11 cxb5 38. f4 exf4+ 39. Kxf4 Nd3+ 40. Kg5 h3 41. Kh4 Kd6 {White must now prevent ...Ke5.} 42. Nf3 $2 {[%mdl 8192] [#]} (42. Nb1 $11) 42... Nxb4 $1 $19 {[%mdl 512]} 43. Nd4 (43. axb4 a3) 43... Kc5 $1 44. Nxe6+ {[#]} Kc4 $1 45. Nxg7 Nc6 46. Nf5 b4 47. g5 {[#]} Ne5 $1 48. axb4 a3 49. Ne3+ Kd3 50. Ng4 Ng6+ (50... Nxg4 $142 51. Kxg4 Kxe4 52. Kh5 a2 53. Kg6 a1=Q 54. Kf7 Qa2+ 55. Kf6 Qxh2 56. Ke7 Qc7+ 57. Kf8 h2 58. b5 h1=Q 59. Kg8 Qhh7+ 60. Kf8 Qh8#) 51. Kh5 Nf4+ {Black mates.} 52. Kh6 a2 53. g6 a1=Q 54. g7 Qa6+ 55. Kh7 Qg6+ 56. Kh8 Qh5+ {Precision: White = 34%, Black = 50%.} 0-1

[Event "15th Deltalift Open 2018"]
[Site "Halmstad"]
[Date "2018.05.12"]
[Round "7"]
[White "Goransson, Martin"]
[Black "Haugli, Petter"]
[Result "1/2-1/2"]
[WhiteElo "2025"]
[BlackElo "2245"]
[Annotator "TA"]
[PlyCount "116"]
[EventDate "2018.??.??"]
[EventType "swiss"]
[EventCountry "SWE"]
[SourceTitle "playchess.com"]
[Source "ChessBase"]
[SourceQuality "1"]

{[%evp 23,116,6,14,-3,11,-41,-35,-42,-23,-34,-27,-21,-17,-83,-52,-45,-44,-81,-36,-61,-29,-187,-178,-246,-268,-558,-120,-110,-103,-124,-22,-28,-23,-37,-33,-37,-37,-46,-58,-112,-112,-243,0,-83,-79,-58,-54,-559,-267,-256,-254,-254,-251,-243,-219,-265,-300,-274,-280,-235,-131,-150,-141,-197,-104,-190,-188,-210,-205,-226,-6,-7,0,0,0,0,0,0,0,0,0,0,0,0,2,0,143,0,0,0,0,0,0,0,0]} 1. c4 Nf6 2. g3 e5 3. Bg2 Bc5 4. Nc3 Nc6 5. d3 O-O 6. Nf3 d6 7. O-O a6 8. a3 h6 9. b4 Ba7 10. Bb2 Be6 11. Rc1 {A29: English Opening: Four Knights Variation with 4 g3} Qd7 12. e3 Rfe8 {LiveBook: 12 Games} 13. Qb3 Ne7 14. d4 (14. Rfd1 $11) 14... exd4 $1 $15 15. Nxd4 $146 ({Predecessor:} 15. exd4 c6 16. Ne2 Ng6 17. Qd1 Bg4 18. Qd3 Bf5 {0-1 (36) Shetty,A (2342)-Ghaem Maghami,E (2550) Philadelphia 2015}) 15... Bxd4 16. exd4 d5 17. c5 Bh3 18. Rfe1 (18. Qc2 $11) 18... Bxg2 $17 19. Kxg2 Nf5 20. Ne2 c6 21. Nf4 Ne4 {Threatens to win with ...Nh4+!} 22. Re2 $2 {[#]} (22. Qd1 $11 {and White is okay.}) 22... Nh4+ $1 $19 {[%mdl 512]} 23. Kg1 (23. Kh1 $142 Qg4 24. Qd3) (23. gxh4 Qg4+) 23... g5 $1 {[%cal Rg5f4]} 24. Ng2 $2 (24. h3 {keeps fighting.} Qf5 25. gxh4 Qxf4 26. hxg5) 24... Nxg2 $2 (24... Qg4 $19 25. Rxe4 Nf3+ 26. Qxf3 Qxf3) 25. Kxg2 $17 g4 26. Rce1 {[#]} Re6 (26... Nd2 $1 $17 {[%mdl 512]} 27. Rxe8+ (27. Rxd2 Rxe1) 27... Rxe8 28. Rxe8+ Qxe8) 27. Bc1 $11 Rae8 28. Qd3 Rf6 29. Bf4 Qf5 30. Qb3 Ree6 31. a4 {[#]} (31. Qd3 $15) 31... Nd2 $1 $36 {[%mdl 2560] Black is in control.} 32. Qc3 (32. Bxd2 $17 {was the only chance.} Qf3+ 33. Qxf3 gxf3+ 34. Kf1 Rxe2 35. Rxe2 fxe2+ 36. Kxe2) (32. Rxd2 Rxe1) 32... Ne4 $2 (32... Nf3 $19 33. Rxe6 fxe6) 33. Qb3 Ng5 34. Rxe6 Nxe6 35. Be3 $4 {[%mdl 8192]} (35. Qe3 $15) 35... Qe4+ (35... Qf3+ $142 36. Kg1 Ng5) 36. Kf1 $19 Qh1+ ({Don't play} 36... Nxd4 37. Bxd4 Qxd4 38. Re3 $17) 37. Ke2 Qxh2 {White must now prevent ...Rxf2+!} 38. Kd1 Qg2 39. b5 axb5 40. axb5 Qf3+ 41. Kc2 Kg7 ({Better is} 41... Qe4+ $19 42. Kb2 Nxd4) 42. Qd3 $17 Qg2 43. Re2 (43. Qe2 $17) 43... Qh1 ({Black should play} 43... h5 $19 44. bxc6 bxc6) 44. Kb2 (44. Qd1 $17 Qg2 45. bxc6 bxc6 46. Qd3) 44... Rf3 $19 45. bxc6 bxc6 46. Qa6 Rf6 $2 (46... Qf1 $19 47. Bxh6+ Kh7) 47. Qxc6 $11 Nd8 48. Qd7 Nc6 49. Qxg4+ Rg6 50. Qf5 $1 Na5 51. Rc2 {Hoping for Qe5+.} Nc4+ 52. Rxc4 $1 dxc4 {[%mdl 4096] Endgame KQR-KQB} 53. d5 {Strongly threatening Bd4+.} Qd1 54. Qe5+ Kh7 {[#]} (54... Kg8 $11) 55. Bd4 (55. Qe4 $1 $16) 55... Qd2+ {The position is equal.} 56. Kb1 {[%csl Gd4][%cal Re5h8]} Qd1+ 57. Kb2 {[%csl Gd4][%cal Re5h8]} Qd2+ 58. Kb1 {[%csl Gd4][%cal Re5h8]} Qd1+ {Precision: White = 19%, Black = 51%.} 1/2-1/2